| 000 | 01024nam0a22002411 4500 | ||
|---|---|---|---|
| 001 | rc\2570342 | ||
| 005 | 20260406170954.0 | ||
| 035 | _a(NLR Aleph) 006735093 | ||
| 090 |
_a5585089 _c5585089 |
||
| 100 | _a20110914d1928 |||y0rusy50 ca | ||
| 101 | 0 | _arus | |
| 102 | _aRU | ||
| 105 | _ay z ||||| | ||
| 200 | 1 |
_aВместо циркуляра _e(Из опыта культ.-массовой работы ячеек ВЛКСМ Бауманск. района за период май-июнь1928 г.) _fКабинет комсомольской работы при Бауманск. доме комсомола |
|
| 210 |
_aМосква _cБауманск. РК ВЛКСМ _d1928 _gтип. Мосполиграфа "Заря коммунизма" |
||
| 215 |
_a32 с. _d17х13 см. |
||
| 710 | 0 | 2 |
_aБауманский дом комсомола _cМосква _9371589 _3RU\NLR\AUTH\889938376 |
| 801 | 0 |
_aRU _bNLR _gpsbo |
|
| 801 | 1 |
_aRU _bELAR _2rusmarc |
|
| 852 |
_aNLR _j62/3811 |
||
| 942 | _cBOOK | ||
| 980 | _aNB | ||